header

The policies and politics of Pope Pius XII (Record no. 198312)

MARC details
000 -LEADER
fixed length control field 01761nam a2200325 a 4500
082 04 - DEWEY DECIMAL CLASSIFICATION NUMBER
Classification number 261.7092
100 1# - MAIN ENTRY--AUTHOR NAME
Personal name Coppa, Frank J.
245 14 - TITLE STATEMENT
Title The policies and politics of Pope Pius XII
260 ## - PUBLICATION, DISTRIBUTION, ETC. (IMPRINT)
Place of publication New York :
Name of publisher P. Lang,
Year of publication c2011.
300 ## - PHYSICAL DESCRIPTION
Number of Pages viii, 205 p.
505 0# - FORMATTED CONTENTS NOTE
Formatted contents note The Pius war -- The pursuit of a diplomatic career -- Eugenio Pacelli: Nuncio to Bavaria and Berlin -- The emergence of "impartiality" and "silence" -- Concordats and confrontations with the fascist regimes -- Collaboration and conflict between Pius XI and Cardinal Pacelli -- Pius XII: "apostle of peace" or "advocate of appeasement"? -- The "silence" between history and polemic -- Pius XII confronts the Cold War and the modern world -- The controversy continues.
650 #0 - SUBJECT ADDED ENTRY--TOPICAL TERM
Topical Term Christianity and politics
856 40 - ELECTRONIC LOCATION AND ACCESS
Uniform Resource Identifier http://site.ebrary.com/lib/rucke/Doc?id=10551936

No items available.

© 2026 Rongo University
Contact us: librarian | system librarian | Rongo university